Leadership Insights: (Record no. 609439)
[ view plain ]
| 000 -LEADER | |
|---|---|
| fixed length control field | 00428nam a22001457a 4500 |
| 040 ## - CATALOGING SOURCE | |
| Transcribing agency | NUST |
| 082 ## - DEWEY DECIMAL CLASSIFICATION NUMBER | |
| Classification number | 658.4092 |
| Author Mark | QAI |
| 100 ## - MAIN ENTRY--PERSONAL NAME | |
| Personal name | Qaiser, Abbas |
| 9 (RLIN) | 123147 |
| 110 ## - MAIN ENTRY--CORPORATE NAME | |
| Corporate name or jurisdiction name as entry element | Amer, Qureshi |
| 9 (RLIN) | 123150 |
| 245 ## - TITLE STATEMENT | |
| Title | Leadership Insights: |
| Remainder of title | Success Strategies Form Pakistani Business Leaders |
| 250 ## - EDITION STATEMENT | |
| Edition statement | volume 02 |
| 260 ## - PUBLICATION, DISTRIBUTION, ETC. | |
| Place of publication, distribution, etc. | Lahore: |
| Name of publisher, distributor, etc. | Possibilities Publications, |
| Date of publication, distribution, etc. | 2016. |
| 650 ## - SUBJECT ADDED ENTRY--TOPICAL TERM | |
| Topical term or geographic name entry element | Leadership Insights |
| 9 (RLIN) | 123151 |
| 942 ## - ADDED ENTRY ELEMENTS (KOHA) | |
| Source of classification or shelving scheme | |
| Koha item type | Book |
| Withdrawn status | Lost status | Source of classification or shelving scheme | Damaged status | Not for loan | Permanent Location | Current Location | Shelving location | Date acquired | Total Checkouts | Full call number | Barcode | Date last seen | Price effective from | Koha item type |
|---|---|---|---|---|---|---|---|---|---|---|---|---|---|---|
| College of Electrical & Mechanical Engineering (CEME) | College of Electrical & Mechanical Engineering (CEME) | General Stacks | 06/03/2024 | 658.4092 QAI | CEME- 49295 | 06/03/2024 | 06/03/2024 | Book | ||||||
| College of Electrical & Mechanical Engineering (CEME) | College of Electrical & Mechanical Engineering (CEME) | General Stacks | 06/03/2024 | 658.4092 QAI | CEME- 49296 | 06/03/2024 | 06/03/2024 | Book |
